Statistics for Countries with its own Vogue magazine

Click here to take the quiz!

General Stats

  • This quiz has been taken 404 times
  • The average score is 19 of 24

Answer Stats

StatusStart yearCountry% Correct
Active1920United Kingdom
99%
Active1892United States
99%
Active1920France
96%
Active1922Italy
96%
Active2005China
95%
Active1921Spain
95%
Active1999Japan
94%
Active1924Germany
93%
Active1980Latin America
92%
Active1959Australia
91%
Active1998Russia
90%
Active1975Brazil
87%
Active2007India
86%
Active2002Portugal
83%
Active1996South Korea
81%
Active2012Netherlands
76%
Active2010Turkey
76%
Inactive1999Greece
73%
Inactive1993Argentina
70%
Inactive1957New Zealand
68%
Active2013Thailand
66%
Active2013Ukraine
65%
Active1996Taiwan
48%
Inactive1934Cuba
28%

Score Distribution

Percentile by Number Answered

Percent of People with Each Score

Your Score History

You have not taken this quiz